|
|
|
|
| LEADER |
00000nam a22000007a 4500 |
| 005 |
2017052309579.0 |
| 007 |
cr|||| |||| |
| 008 |
170524s2017 mx |||||s|||| 00||0 spa d |
| 020 |
|
|
|a 978-607-406-907-5
|
| 035 |
|
|
|a 20260
|
| 040 |
|
|
|a vLex
|
| 090 |
|
|
|c 6693
|d 6693
|
| 100 |
1 |
|
|a Hernǹdez Rodrg̕uez, Jess︢
|
| 245 |
1 |
0 |
|a Gua̕ practica para la elaboracin̤ de la nm̤ina 2017
|h [Recurso electrn̤ico] /
|c Jess︢ Hernǹdez Rodrg̕uez, Mn̤ica Isela Galindo Cosme
|
| 256 |
|
|
|a Servicio en ln̕ea
|
| 260 |
|
|
|a Mx̌ico DF:
|b Ediciones Fiscales ISEF,
|c 2017
|
| 300 |
|
|
|a 1 recurso electrn̤ico
|
| 500 |
|
|
|a La presente GUIA PARA LA ELABORACIÓN DE LA NÓMINA 2017, tiene como objetivo dar a conocer la mecǹica para el cl̀culo de los salarios y prestaciones derivadas a travš de casos prc̀ticos que llevan paso a paso al lector en su determinacin̤.
|
| 506 |
1 |
|
|a Disponible solo en los productos indicados
|d vLex Global
|d vLex Global (Academic Edition, excluding Law Schools)
|d vLex Global (U.S. Academic Edition, Law Schools)
|d vLex Global (U.S. Academic Edition, excluding Law Schools)
|d vLex Global (Academic Edition, Law Schools)
|
| 650 |
0 |
4 |
|a Derecho Fiscal
|z Mx̌ico
|
| 700 |
1 |
|
|a Galindo Cosme, Mn̤ica Isela
|
| 740 |
0 |
|
|a vLex Libros (Servicio en ln̕ea)
|
| 856 |
4 |
0 |
|u http://vlex.com/source/guia-practica-para-la-elaboracion-de-la-nomina-2017-20260
|z Acceso restringido
|
| 942 |
|
|
|c BOOK
|
| 999 |
0 |
|
|a Tax Law
|